000 00722cam a22002057a 4500
003 M-MxUPN
005 20240316063918.0
008 230816s1979 mx|d|||frm||| 000 0 spa d
040 _aMX-MxUPN
_bspa
050 4 _aBF575 A3
_bP84 1979
100 1 _949898
_aPuente González, Jesús J.
245 1 0 _aAgresividad humana :
_balgunos problemas y teorías
260 _aMéxico, D.F.:
_bUniversidad Iberoamericana,
_c1979
300 _a101 hojas :
502 _aTesis (Licenciatura en Psicología) -- Universidad Iberoamericana, 1979.
650 4 _aAgresividad (Psicología)
_92250
700 1 _928051
_aChoynowski, Mieczyslaw,
_d1909-2001
_easesoría
902 _aLC16082023
_bVíctorGodínez/070923
942 _2lcc
_cLIBRO
999 _c210066
_d210066